000 00377nam a22001457a 4500
999 _c193657
_d193657
008 221107b ||||| |||| 00| 0 eng d
082 _a921-TAN
100 _aP.D TANDON,ROLAND
245 _aGANDHI WARRIOR
_hENGLISH
260 _aNEW DELHI
_bA.I.C.B
_cROHIN
270 _aA.I.C.B ,ROHINI NEW DELHI
300 _a.
_b.
_c12X13
490 _v1-2
942 _2ddc
_cBRLEN
_k921
_mTAN